|
|
|
|
| LEADER |
00883nam a2200241 a 4500 |
| 001 |
11970 |
| 003 |
BD-DhAAL |
| 008 |
120606r19971987ii a b 001 0 eng |
| 999 |
|
|
|c 12367
|d 12367
|
| 020 |
|
|
|a 0706990315
|
| 040 |
|
|
|a BD-DhAAL
|c BD-DhAAL
|
| 082 |
0 |
0 |
|a 658.4
|2 20
|
| 100 |
1 |
|
|a Chandan, J S
|9 40092
|
| 245 |
1 |
0 |
|a Management :
|b theory and practice /
|c J S Chandan
|
| 246 |
3 |
0 |
|a Management theory & practice.
|
| 260 |
|
|
|a New Delhi :
|b Vikas,
|c c1987 [reprinted 1997].
|
| 300 |
|
|
|a xix, 507 pages ;
|c 23 cm.
|
| 504 |
|
|
|a Includes bibliographical references and index.
|
| 541 |
|
|
|e 00011970
|
| 650 |
|
0 |
|a Management.
|9 40093
|
| 852 |
1 |
|
|a Ayesha Abed Library
|c General Stacks
|
| 942 |
|
|
|2 ddc
|c BK
|
| 952 |
|
|
|0 0
|1 0
|2 ddc
|4 0
|6 658_400000000000000_CHA
|7 0
|9 20446
|a BRACUL
|b BRACUL
|c GEN
|d 2012-06-06
|l 2
|o 658.4 CHA
|p 3010011970
|r 2017-07-02
|s 2017-06-12
|t 1
|w 2012-06-06
|y BK
|x Price not available in Register
|